|
|
|
|
| LEADER |
01301nam a2200277 a 4500 |
| 001 |
1434800 |
| 008 |
100124s1980 sz af b i000 0 eng d |
| 010 |
|
|
|a 84199914
|
| 020 |
|
|
|a 9221023893 (pbk.)
|
| 040 |
|
|
|a DLC
|c DLC
|d DLC
|d BD-DhAAL
|
| 082 |
0 |
0 |
|a 307.7/2/088042
|2 19
|
| 100 |
1 |
|
|a Loutfi, Martha Fetherolf.
|
| 245 |
1 |
0 |
|a Rural women :
|b unequal partners in development /
|c Martha Fetherolf Loutfi.
|
| 250 |
|
|
|a 4th impression with modifications.
|
| 260 |
|
|
|a Geneva :
|b International Labour Office,
|c c1980
|
| 300 |
|
|
|a v, 80 p., [4] p. of plates :
|b ill. ;
|c 24 cm.
|
| 490 |
0 |
|
|a A WEP study
|
| 504 |
|
|
|a Includes Bibliography (p. 75-80.)
|
| 541 |
1 |
|
|e 00000083
|
| 650 |
|
0 |
|a Women in rural development
|z Developing countries.
|
| 650 |
|
0 |
|a Rural women
|z Developing countries
|x Economic conditions.
|
| 650 |
|
0 |
|a Rural women
|z Developing countries
|x Social conditions.
|
| 852 |
4 |
|
|a Ayesha Abed Library
|j General shelf
|
| 999 |
|
|
|c 7188
|d 7188
|
| 952 |
|
|
|0 0
|1 0
|2 ddc
|4 0
|6 307_720880420000000_LOU_1980
|7 0
|9 7477
|a BRACUL
|b BRACUL
|c GEN
|d 2010-01-26
|g 112.50
|l 0
|o 307.72088042 LOU
|p 3010000083
|r 2016-08-30
|t 1
|w 2010-01-26
|y BK
|
| 952 |
|
|
|0 0
|1 0
|2 ddc
|4 0
|6 307_720880420000000_LOU_1980
|7 0
|9 8900
|a BRACUL
|b BRACUL
|c NEW
|d 2010-03-30
|g 0.00
|l 0
|o 307.72088042 LOU
|p 3010003495
|r 2010-03-30
|t 2
|w 2010-03-30
|y BK
|z Not price in Register
|